Countries from 'I' by Cuisine - Statistics

General Stats
  • This quiz has been taken 22 times
  • The average score is 8 of 9
Answer Stats
Picture Answer % Correct
Indonesia
100%
Iran
95%
India
89%
Iraq
89%
Ireland
89%
Iceland
84%
Italy
84%
Israel
68%
Ivory Coast
68%
No matching quizzes found
Score Distribution
Percent of People with Each Score
Percentile by Number Answered
Your Score History
You have not taken this quiz